| 000 | 00601nam a2200205 a 4500 | ||
|---|---|---|---|
| 001 | 4369 | ||
| 003 | CDMR | ||
| 005 | 20131125102742.0 | ||
| 008 | 130130s1995||||||||||||||||||||||||||||d | ||
| 020 | _a8485264940 | ||
| 040 |
_aCDMR _bcat _cCPC LLEIDA |
||
| 245 | 3 |
_aEl derecho a la información _b: teoría y práctica _cpresentación, Manuel Ramírez |
|
| 260 |
_aZaragoza _c1995 _bLibros Pórtico |
||
| 300 | _a119 p. | ||
| 490 | 0 |
_aCuadernos Lucas Mallada _v1 |
|
| 650 | 0 | 4 |
_91574 _aLlibertat d'informació |
| 650 | 0 | 4 |
_91582 _aLlibertat d'impremta |
| 700 | 1 |
_93549 _aRamírez, Manuel |
|
| 942 |
_cMON _2udc |
||
| 999 |
_c4369 _d4369 |
||